000 00336 a2200157 4500
001 180006
020 _a
040 _cMagnum
100 _aGóes, Lúcia Pimentel
240 1 0 _aO maestro do tempo
_lpor
245 1 0 _aO maestro do tempo
362 0 _a1899
440 1 _aScipione
697 _aMAGNITO: I/PARADIDATICO
942 _cBK
999 _c180006
_d180006